Historia y Cultura de Ayacucho / (Record no. 1980)

000 -CABECERA
fixed length control field 01002nam a22002897a 4500
003 - IDENTIFICADOR DEL NÚMERO DE CONTROL
control field AR-CdUCM
008 - DATOS DE LONGITUD FIJA--INFORMACIÓN GENERAL
fixed length control field 190228b ||||| |||| 00| 0 spa d
020 ## - NÚMERO INTERNACIONAL ESTÁNDAR DEL LIBRO
ISBN 9789972511851
020 ## - NÚMERO INTERNACIONAL ESTÁNDAR DEL LIBRO
ISBN 18173187
040 ## - FUENTE DE LA CATALOGACIÓN
Agencia/entidad que catalogó originalmente la obra MUNICIPALIDAD PROVINCIAL DEL CUSCO
Entidad que transcribió la catalogación BIBLIOTECA MUNICIPAL DEL CUSCO
082 ## - NÚMERO DE LA CLASIFICACIÓN DECIMAL DEWEY
No. de Clasificación 985.5 /
Notacion interna Z37
100 ## - ENTRADA PRINCIPAL--NOMBRE DE PERSONA
Nombre Personal Zapata Velasco, Antonio
245 ## - MENCIÓN DE TÍTULO
Título Historia y Cultura de Ayacucho /
Mención de responsabilidad Zapata Velasco, Antonio
260 ## - PUBLICACIÓN, DISTRIBUCIÓN, ETC.
Lugar de publicación, distribución, etc. Lima :
Nombre de la editorial, distribuidor, etc. Instituto de estudios peruanos,
Fecha de publicación, distribución, etc. 2008.
300 ## - DESCRIPCIÓN FÍSICA
Nº de Páginas Extensión 292 paginas ;
Otros detalles físicos Ilustraciones,
Dimensiones 23cm.
440 ## - MENCIÓN DE SERIE/PUNTO DE ACCESO ADICIONAL--TÍTULO
Título Miscelánea
Número de la parte/sección de una obra 11
9 (RLIN) 7219
505 ## - NOTA DE CONTENIDO CON FORMATO
Nota de contenido formateada El territorio -- El periodo prehispanico -- La era colonial-- El siglo XIX -- El siglo XX ...
650 ## - PUNTO DE ACCESO ADICIONAL DE MATERIA--TÉRMINO DE MATERIA
Descriptor Violencia Politica
9 (RLIN) 7220
650 ## - PUNTO DE ACCESO ADICIONAL DE MATERIA--TÉRMINO DE MATERIA
Descriptor Ayacucho
9 (RLIN) 3896
650 ## - PUNTO DE ACCESO ADICIONAL DE MATERIA--TÉRMINO DE MATERIA
Descriptor Peru
9 (RLIN) 429
650 ## - PUNTO DE ACCESO ADICIONAL DE MATERIA--TÉRMINO DE MATERIA
Descriptor Cultura
9 (RLIN) 126
700 ## - PUNTO DE ACCESO ADICIONAL--NOMBRE DE PERSONA
Nombre Personal Zapata Velasco, Antonio
9 (RLIN) 7218
700 ## - PUNTO DE ACCESO ADICIONAL--NOMBRE DE PERSONA
Nombre Personal Rojas Rojas, Rolando
9 (RLIN) 7221
700 ## - PUNTO DE ACCESO ADICIONAL--NOMBRE DE PERSONA
Nombre Personal Pereyra Chávez, Nelson
9 (RLIN) 7222
942 ## - ELEMENTOS DE PUNTO DE ACCESO ADICIONAL (KOHA)
Fuente de clasificación
Tipo de item Libros-BMC
945 ## - PROCESAMIENTO DE INFORMACIÓN LOCAL (OCLC)
Catalogador pjha
AAAA-MM-DD - Fecha de ingreso o modificacion 2019-02-28
Holdings
Estado de retiro (separado) Fuente de clasificación o esquema de estanterías Estado dañado Ubicación Sala donde se ubica Nombre de la colección Fecha de adquisición o compra Costo, precio normal en soles Signatura topográfica Código de Barras Última vez visto (Koha) Tipo de ítem (Koha)
No     Sala Humanidades Sala Humanidades Book Cart 2019-02-28 35.00 985.5 / Z37 SH0000001960 2019-02-28 Libros-BMC
No     Sala Humanidades Sala Humanidades Book Cart 2019-03-12 35.00 985.5 / Z37 / e.2 SH0000006200 2019-03-12 Libros-BMC

Powered by Koha